<?xml version="1.0" encoding="UTF-8"?>
<record
    xmlns:xsi="http://www.w3.org/2001/XMLSchema-instance"
    xsi:schemaLocation="http://www.loc.gov/MARC21/slim http://www.loc.gov/standards/marcxml/schema/MARC21slim.xsd"
    xmlns="http://www.loc.gov/MARC21/slim">

  <leader>02126nam a2200313   4500</leader>
  <controlfield tag="001">113813</controlfield>
  <controlfield tag="003">DR-UNIBE</controlfield>
  <controlfield tag="005">20250701153340.0</controlfield>
  <controlfield tag="008">250701b2016    dr ||||| |||| 00| 0 spa d</controlfield>
  <datafield tag="040" ind1=" " ind2=" ">
    <subfield code="a">BIBLIOTECA UNIBE</subfield>
    <subfield code="b">spa</subfield>
    <subfield code="c">BIBLIOTECA UNIBE</subfield>
    <subfield code="e">rda</subfield>
  </datafield>
  <datafield tag="041" ind1=" " ind2=" ">
    <subfield code="a">spa</subfield>
  </datafield>
  <datafield tag="082" ind1=" " ind2=" ">
    <subfield code="2">22</subfield>
    <subfield code="a">RD 372. 24 R426a </subfield>
  </datafield>
  <datafield tag="110" ind1="1" ind2="0">
    <subfield code="a">Rep&#xFA;blica Dominicana. Ministerio de Educaci&#xF3;n (MINERD). Viceministerio de Servicios T&#xE9;cnicos y Pedag&#xF3;gicos</subfield>
    <subfield code="9">196806</subfield>
  </datafield>
  <datafield tag="245" ind1="1" ind2="3">
    <subfield code="a">La alfabetizaci&#xF3;n inicial el derecho a aprender y crecer :</subfield>
    <subfield code="b">un aporte a la comprensi&#xF3;n de los procesos de alfabetizaci&#xF3;n inicial, dirigido a maestras y maestros alfabetizadores de 1ro, 2do y 3er grado  /</subfield>
    <subfield code="c">Ministerio de Educaci&#xF3;n (MINERD)</subfield>
  </datafield>
  <datafield tag="260" ind1=" " ind2=" ">
    <subfield code="a">Santo Domingo:</subfield>
    <subfield code="b">Ministerio de Educaci&#xF3;n (MINERD),</subfield>
    <subfield code="c">2016</subfield>
  </datafield>
  <datafield tag="300" ind1=" " ind2=" ">
    <subfield code="a">88 p&#xE1;ginas :</subfield>
    <subfield code="b">cuadros, dibujos ;</subfield>
    <subfield code="c">27 x 221 cm</subfield>
  </datafield>
  <datafield tag="490" ind1=" " ind2=" ">
    <subfield code="a">Sistema de apoyo a los aprendizajes</subfield>
  </datafield>
  <datafield tag="505" ind1=" " ind2=" ">
    <subfield code="a">Presentaci&#xF3;n |
Primera parte.
1. Evoluci&#xF3;n del concepto de alfabetizaci&#xF3;n |
2. Teor&#xED;as y m&#xE9;todos tradicionales de alfabetizaci&#xF3;n |
3. Antecedentes de alfabetizaci&#xF3;n inicial en Rep&#xFA;blica Dominicana |
4. Concepci&#xF3;n de la infancia y la ni&#xF1;ez |
5. Teor&#xED;as y enfoques actuales de la lengua escrita |
Segunda parte .
6. Las ni&#xF1;as y los ni&#xF1;os como sujetos cognoscentes |
7. C&#xF3;mo intervienen los docentes para favorecer los procesos del alfabetizaci&#xF3;n inicial |
8. Orientaciones del modelo pedag&#xF3;gico del primer ciclo acerca de la alfabetizaci&#xF3;n inicial |
9.  A modo de cierre |
10. Referencias

</subfield>
  </datafield>
  <datafield tag="650" ind1=" " ind2="7">
    <subfield code="2">lemb</subfield>
    <subfield code="a"> Alfabetizaci&#xF3;n (Educaci&#xF3;n)</subfield>
  </datafield>
  <datafield tag="650" ind1=" " ind2="7">
    <subfield code="2">lemb</subfield>
    <subfield code="a"> Educaci&#xF3;n primaria</subfield>
    <subfield code="z">Rep&#xFA;blica Dominicana</subfield>
    <subfield code="9">4432</subfield>
  </datafield>
  <datafield tag="650" ind1=" " ind2="7">
    <subfield code="2">lemb</subfield>
    <subfield code="a"> Educaci&#xF3;n preescolar</subfield>
    <subfield code="x">Rep&#xFA;blica Dominicana</subfield>
    <subfield code="9">28502</subfield>
  </datafield>
  <datafield tag="700" ind1="1" ind2="0">
    <subfield code="a">Castillo, Lilliam</subfield>
    <subfield code="9">196871</subfield>
    <subfield code="e">redacci&#xF3;n</subfield>
  </datafield>
  <datafield tag="700" ind1="1" ind2="0">
    <subfield code="a">Inch&#xE1;ustegui, Mar&#xED;a Isabel </subfield>
    <subfield code="9">43909</subfield>
    <subfield code="e">redacci&#xF3;n</subfield>
  </datafield>
  <datafield tag="700" ind1="1" ind2="0">
    <subfield code="a">Ceballos  D&#xED;az, Rita Ma.</subfield>
    <subfield code="9">196846</subfield>
    <subfield code="e">coordinador</subfield>
  </datafield>
  <datafield tag="700" ind1="1" ind2="0">
    <subfield code="a">G&#xF3;mez, Onelda Ma.</subfield>
    <subfield code="9">196872</subfield>
    <subfield code="e">coordinador</subfield>
  </datafield>
  <datafield tag="700" ind1="1" ind2="0">
    <subfield code="a">Cuesta Soriano, Modesto</subfield>
    <subfield code="9">151811</subfield>
    <subfield code="e">corrector de estilo</subfield>
  </datafield>
  <datafield tag="700" ind1="1" ind2="0">
    <subfield code="a">Mont&#xE1;s D&#xB4;Oleo, Bertha Marcily</subfield>
    <subfield code="9">196779</subfield>
    <subfield code="e">dise&#xF1;ador</subfield>
    <subfield code="e">diagramador</subfield>
  </datafield>
  <datafield tag="942" ind1=" " ind2=" ">
    <subfield code="2">ddc</subfield>
    <subfield code="c">BK</subfield>
  </datafield>
  <datafield tag="999" ind1=" " ind2=" ">
    <subfield code="c">113813</subfield>
    <subfield code="d">113813</subfield>
  </datafield>
  <datafield tag="952" ind1=" " ind2=" ">
    <subfield code="0">0</subfield>
    <subfield code="1">0</subfield>
    <subfield code="2">ddc</subfield>
    <subfield code="7">0</subfield>
    <subfield code="8">GEN-RD</subfield>
    <subfield code="a">Principal</subfield>
    <subfield code="d">2025-06-10</subfield>
    <subfield code="l">0</subfield>
    <subfield code="o">RD 372.24 R426a</subfield>
    <subfield code="p">250716</subfield>
    <subfield code="r">2025-07-01 15:10:13</subfield>
    <subfield code="t">Ej. 1</subfield>
    <subfield code="w">2025-07-01</subfield>
    <subfield code="y">BK</subfield>
  </datafield>
</record>
